Arquitectura vernácula del Azuay y Cañar desde los años 70 y 80. tomo I /
Guardado en:
| Otros Autores: | |
|---|---|
| Formato: | eBook |
| Idioma: | Spanish |
| Publicado: |
Cuenca, Ecuador :
Universidad del Azuay,
2024.
|
| Materias: | |
| Acceso en línea: | https://elibro.net/ereader/unsbiblio/278945 |
| Etiquetas: |
Agregar Etiqueta
Sin Etiquetas, Sea el primero en etiquetar este registro!
|
| LEADER | 01331nam a2200337 i 4500 | ||
|---|---|---|---|
| 001 | elibro.ELB278945 | ||
| 003 | FINmELB | ||
| 005 | 20250625113942.0 | ||
| 006 | m o u | ||
| 007 | cr cn||||||||| | ||
| 008 | 250620s2024 ec o 000 0 spa d | ||
| 020 | |a 9789942645975 |q (e-book) | ||
| 035 | |a (OCoLC)1524927897 | ||
| 040 | |a FINmELB |b spa |e rda |c FINmELB | ||
| 050 | 1 | 4 | |a NA885 |b A772 2024 |
| 080 | |a 72(866) | ||
| 082 | 0 | 4 | |a 720.98660904 |2 23 |
| 245 | 0 | 0 | |a Arquitectura vernácula del Azuay y Cañar desde los años 70 y 80. |n tomo I / |c autoras: Julia Tamayo [y otros 3]. |
| 264 | 1 | |a Cuenca, Ecuador : |b Universidad del Azuay, |c 2024. | |
| 300 | |a 1 recurso en línea (451 páginas) | ||
| 336 | |a texto |b txt |2 rdamedia/spa | ||
| 337 | |a computadora |b c |2 rdamedia/spa | ||
| 338 | |a recurso en línea |b cr |2 rdacarrier/spa | ||
| 347 | |a data file |2 rda | ||
| 588 | |a Descripción basada en metadatos suministrados por el editor y otras fuentes. | ||
| 590 | |a Recurso electrónico. Santa Fe, Arg.: elibro, 2024. Disponible vía World Wide Web. El acceso puede estar limitado para las bibliotecas afiliadas a elibro. | ||
| 650 | 4 | |a Arquitectura |z Ecuador |x Historia |y Siglo 20. | |
| 655 | 4 | |a Libros electrónicos. | |
| 700 | 1 | |a Tamayo, Julia, |e autor. | |
| 797 | 2 | |a elibro, Corp. | |
| 856 | 4 | 0 | |u https://elibro.net/ereader/unsbiblio/278945 |
